000 00559nam a2200181Ia 4500
003 OSt
005 20250505145502.0
008 210210b1956 xxu||||| |||| 00| 0 eng d
040 _cAL
041 _akan
082 _a853/119
100 _aGUNDANNA (K)
_9160928
_dಗುಂಡಣ್ಣ ಕೆ.
245 _aYara hendti mattu mangalya Bhagya:
_bಯಾರ ಹೆಂಡ್ತಿ ಮತ್ತು ಮಾಂಗಲ್ಯ ಭಾಗ್ಯ
260 _aBengaluru
_bH N Rao Brothers
_c1956
690 _aKannada Drama
_9160929
906 _a019391
942 _2ddc
_cBK
999 _c143510
_d143510